[Event "Agneaux St Lo op 20th"]
[Site "Agneaux"]
[Date "2018.07.10"]
[Round "4"]
[White "Bressy, Theo"]
[Black "Thereze, Ludovic"]
[Result "1-0"]
[WhiteElo "2194"]
[BlackElo "2002"]
[PlyCount "77"]
[EventDate "2018.07.07"]
[EventType "swiss"]
[EventRounds "9"]
[EventCountry "FRA"]
[SourceTitle "CBM 185 Extra"]
[Source "ChessBase"]
[SourceDate "2018.07.29"]
[SourceVersion "1"]
[SourceVersionDate "2018.07.29"]
[SourceQuality "1"]

1. e4 c5 2. Nf3 Nc6 3. Bb5 e6 4. 0-0 Nge7 5. Re1 a6 6. Bf1 b5 7. c3 d5 8. exd5 Qxd5 9. c4 bxc4 10. Nc3 Qd7 11. Bxc4 Nf5 12. Na4 Rb8 13. b3 Be7 14. Ba3 Nb4 15. Bb2 0-0 16. a3 Nc6 17. Ne5 Qc7 18. Nxc6 Qxc6 19. Qg4 Nd4 20. Nc3 f5 21. Qg3 Bd6 22. Qh4 Bb7 23. f3 Rf6 24. Qf2 Rh6 25. Ne2 Bxh2+ 26. Kf1 Nc2 27. Ng3 Rf8 28. Re5 Rg6 29. Nxf5 Qd7 30. g3 Bxg3 31. Qxc5 Bxe5 32. Ne7+ Kf7 33. Nxg6 hxg6 34. Qxe5 Nxa1 35. Bxa1 Ke8 36. f4 Bd5 37. Bxa6 Qa7 38. Bb5+ Kd8 39. Qd6+ 1-0

[Event "Avoine op 32nd"]
[Site "Avoine"]
[Date "2017.07.22"]
[Round "4"]
[White "Thereze, Ludovic"]
[Black "Goettelmann, Guillaume"]
[Result "0-1"]
[WhiteElo "2028"]
[BlackElo "2136"]
[PlyCount "94"]
[EventDate "2017.07.22"]
[EventType "swiss"]
[EventRounds "9"]
[EventCountry "FRA"]
[SourceTitle "CBM 179 Extra"]
[Source "ChessBase"]
[SourceDate "2017.08.23"]
[SourceVersion "1"]
[SourceVersionDate "2017.08.23"]
[SourceQuality "1"]

1. e4 e5 2. Nf3 Nc6 3. Bb5 a6 4. Bxc6 dxc6 5. 0-0 Qd6 6. Na3 b5 7. d4 exd4 8. Qxd4 Qxd4 9. Nxd4 Bb7 10. b3 0-0-0 11. Nf3 f6 12. Bb2 c5 13. Rfe1 Nh6 14. Nb1 Nf7 15. a4 Bd6 16. axb5 axb5 17. Nc3 Bc6 18. Ra3 b4 19. Nb5 Rhe8 20. Na7+ Kb7 21. Nxc6 Kxc6 22. Ra6+ Kb7 23. Raa1 Re7 24. Re2 Rde8 25. Rae1 Ra8 26. Ra1 Rxa1+ 27. Bxa1 Re8 28. Re1 Ra8 29. Bb2 Ra2 30. Ra1 Bf4 31. Kf1 Ne5 32. Nxe5 Bxe5 33. Bxe5 fxe5 34. Rc1 c4 35. bxc4 Kc6 36. Ke2 Kc5 37. Kd3 Ra6 38. Rb1 Rd6+ 39. Ke3 Kxc4 40. Rb3 c5 41. f4 exf4+ 42. Kxf4 Rd2 43. Re3 Rxc2 44. e5 Rf2+ 45. Ke4 b3 46. e6 b2 47. Re1 Re2+ 0-1

[Event "Hennebont Grand Prix"]
[Site "Hennebont"]
[Date "2006.08.06"]
[Round "6"]
[White "Rual, Christophe"]
[Black "Thereze, Ludovic"]
[Result "1/2-1/2"]
[WhiteElo "1810"]
[BlackElo "2031"]
[PlyCount "94"]
[EventDate "2006.08.05"]
[EventType "swiss"]
[EventRounds "7"]
[EventCountry "FRA"]
[SourceTitle "EXT 2007"]
[Source "ChessBase"]
[SourceDate "2006.11.23"]
[SourceVersion "1"]
[SourceVersionDate "2006.11.23"]
[SourceQuality "1"]

1. e4 e5 2. f4 exf4 3. Nf3 d6 4. d4 g5 5. h3 h6 6. c3 d5 7. exd5 Qxd5 8. Nbd2 Qe6+ 9. Be2 g4 10. hxg4 Qxg4 11. 0-0 Bd6 12. Ne5 Qg7 13. Ndc4 Nf6 14. Bxf4 Nd5 15. Bh5 Be6 16. Qe2 0-0 17. Nxd6 Nxf4 18. Rxf4 cxd6 19. Nd3 Nd7 20. Bg4 Rae8 21. Bxe6 Rxe6 22. Qf3 Rg6 23. Qxb7 Rb8 24. Qf3 Rg3 25. Qe2 Nf6 26. Raf1 Re8 27. Qd2 Ree3 28. Ne1 Ne4 29. Qc2 Ng5 30. Kh1 d5 31. Qf5 Ne6 32. R4f3 Rg5 33. Qc2 Re4 34. Qf2 Rh5+ 35. Rh3 Rg5 36. Nf3 Rgg4 37. Ne5 Ref4 38. Qe2 Rg5 39. Rff3 Rgf5 40. Rhg3 Ng5 41. Rxf4 Rxf4 42. Nf3 Qf6 43. Nxg5 hxg5 44. Qe8+ Kg7 45. Qe5 Rf1+ 46. Kh2 Qxe5 47. dxe5 Rf2 1/2-1/2

[Event "Hennebont Grand Prix"]
[Site "Hennebont"]
[Date "2006.08.06"]
[Round "5"]
[White "Thereze, Ludovic"]
[Black "Fruteau, Sabine"]
[Result "1/2-1/2"]
[WhiteElo "2031"]
[BlackElo "2126"]
[PlyCount "108"]
[EventDate "2006.08.05"]
[EventType "swiss"]
[EventRounds "7"]
[EventCountry "FRA"]
[SourceTitle "EXT 2007"]
[Source "ChessBase"]
[SourceDate "2006.11.23"]
[SourceVersion "1"]
[SourceVersionDate "2006.11.23"]
[SourceQuality "1"]

1. e4 e5 2. Nf3 Nc6 3. Nc3 Nf6 4. Bb5 d6 5. Bxc6+ bxc6 6. d4 exd4 7. Nxd4 c5 8. Nde2 Bb7 9. f3 h6 10. Be3 Qd7 11. Qd2 0-0-0 12. 0-0-0 Qc6 13. Nf4 g5 14. Nfd5 Nxd5 15. Nxd5 Qa4 16. Qc3 Bxd5 17. Qxh8 Be6 18. Rd3 Qb5 19. Ra3 a6 20. Qc3 g4 21. Rd1 Be7 22. Qa5 Kb7 23. fxg4 Qxa5 24. Rxa5 Bxg4 25. h3 Be6 26. Bxh6 Bf6 27. Ra3 Be5 28. Rf3 Rg8 29. g4 Rh8 30. Bd2 Kc6 31. Bc3 Bxc3 32. Rxc3 Rg8 33. Kd2 a5 34. a3 Kd7 35. Rg3 Rb8 36. Kc3 Rh8 37. Rh1 Rh4 38. Kd3 f6 39. Rf1 Ke7 40. Rgf3 Rh6 41. Ke3 c6 42. Kf4 Kf7 43. Kg3 Kg7 44. Rd1 d5 45. exd5 cxd5 46. Re1 Kf7 47. g5 Rxh3+ 48. Kg2 Rxf3 49. Kxf3 fxg5 50. Rh1 Kg7 51. Kg3 Bf5 52. c3 c4 53. Rd1 Be4 54. Kg4 Kg6 1/2-1/2

[Event "Hennebont Grand Prix"]
[Site "Hennebont"]
[Date "2006.08.06"]
[Round "7"]
[White "Thereze, Ludovic"]
[Black "Le Bail, Arielle"]
[Result "1-0"]
[WhiteElo "2031"]
[BlackElo "1800"]
[PlyCount "63"]
[EventDate "2006.08.05"]
[EventType "swiss"]
[EventRounds "7"]
[EventCountry "FRA"]
[SourceTitle "EXT 2007"]
[Source "ChessBase"]
[SourceDate "2006.11.23"]
[SourceVersion "1"]
[SourceVersionDate "2006.11.23"]
[SourceQuality "1"]

1. e4 e6 2. d4 d5 3. e5 c5 4. c3 Nc6 5. Nf3 Bd7 6. Be2 Nge7 7. Na3 Ng6 8. h4 Qb6 9. Nc2 Be7 10. h5 Nf8 11. 0-0 f6 12. a3 0-0-0 13. dxc5 Bxc5 14. b4 Be7 15. Bf4 g5 16. Be3 Qc7 17. exf6 Bxf6 18. Ncd4 h6 19. Nb5 Qb8 20. Bc5 Be8 21. Nfd4 b6 22. Bxf8 Nxd4 23. cxd4 Bxb5 24. Bxb5 Rdxf8 25. Rc1+ Kd8 26. Qg4 Qd6 27. Rc6 Qe7 28. Rfc1 Qd7 29. Rxe6 Qxb5 30. Rd6+ Ke8 31. Qe6+ Be7 32. Rc8# 1-0

[Event "Hennebont Grand Prix"]
[Site "Hennebont"]
[Date "2006.08.05"]
[Round "1"]
[White "Thereze, Ludovic"]
[Black "Mollard, Anne"]
[Result "1-0"]
[WhiteElo "2031"]
[BlackElo "1837"]
[PlyCount "71"]
[EventDate "2006.08.05"]
[EventType "swiss"]
[EventRounds "7"]
[EventCountry "FRA"]
[SourceTitle "EXT 2007"]
[Source "ChessBase"]
[SourceDate "2006.11.23"]
[SourceVersion "1"]
[SourceVersionDate "2006.11.23"]
[SourceQuality "1"]

1. e4 e6 2. d4 d5 3. e5 c5 4. c3 Nc6 5. Nf3 Qb6 6. a3 a5 7. Bd3 Bd7 8. dxc5 Bxc5 9. 0-0 Nge7 10. Qe2 Ng6 11. h4 Qc7 12. Re1 h6 13. h5 Nge7 14. Nbd2 a4 15. Nf1 Na5 16. Bf4 Rb8 17. Rad1 b5 18. Ne3 Nc4 19. Ng4 Qb6 20. Bb1 Rd8 21. Nd4 Bxd4 22. Rxd4 Nc6 23. Rd3 d4 24. Red1 Bc8 25. Bc1 Rd5 26. cxd4 Nxd4 27. Qe4 Nb3 28. Rxd5 exd5 29. Qe2 Nxc1 30. Rxc1 Ke7 31. Nh2 Qd4 32. Nf3 Qxb2 33. Qxb2 Nxb2 34. Rc7+ Ke6 35. g4 Nc4 36. Bf5# 1-0

[Event "Saint Affrique op 07th"]
[Site "Saint Affrique"]
[Date "1999.??.??"]
[Round "7"]
[White "Gozzoli, Yannick"]
[Black "Thereze, Ludovic"]
[Result "1-0"]
[WhiteElo "2222"]
[BlackElo "2056"]
[PlyCount "47"]
[EventDate "1999.07.??"]
[EventType "swiss"]
[EventRounds "9"]
[EventCountry "FRA"]
[SourceTitle "EXT 2001"]
[Source "ChessBase"]
[SourceDate "2000.11.22"]
[SourceVersion "1"]
[SourceVersionDate "2000.11.22"]
[SourceQuality "1"]

1. d4 Nf6 2. c4 c5 3. d5 e6 4. Nc3 exd5 5. cxd5 d6 6. e4 g6 7. Nf3 Bg7 8. Bg5 h6 9. Bh4 0-0 10. Nd2 Na6 11. Be2 Nc7 12. a4 Qe7 13. 0-0 Bd7 14. f4 Rab8 15. e5 dxe5 16. Nc4 Qe8 17. Nd6 Qe7 18. Nde4 Nce8 19. d6 Qe6 20. f5 gxf5 21. Nxc5 Qxd6 22. Qxd6 Nxd6 23. Bxf6 Bc6 24. Be7 1-0

[Event "FRA-ch op-A"]
[Site "Auxerre"]
[Date "1996.??.??"]
[Round "?"]
[White "Dacalor, Aurelie"]
[Black "Thereze, Ludovic"]
[Result "0-1"]
[WhiteElo "1960"]
[BlackElo "1790"]
[PlyCount "46"]
[EventDate "1996.08.??"]
[EventType "swiss"]
[EventRounds "10"]
[EventCountry "FRA"]
[SourceTitle "EXT 2004"]
[Source "ChessBase"]
[SourceDate "2003.11.25"]
[SourceVersion "1"]
[SourceVersionDate "2003.11.25"]
[SourceQuality "1"]

1. d4 Nf6 2. c4 e6 3. Nc3 Bb4 4. Bg5 h6 5. Bh4 c5 6. d5 d6 7. Nf3 exd5 8. cxd5 Bf5 9. e3 Nbd7 10. a3 Bxc3+ 11. bxc3 Qa5 12. Qb3 Nxd5 13. Qxd5 Qxc3+ 14. Ke2 Be6 15. Qxd6 Bc4+ 16. Kd1 Bb3+ 17. Ke2 Bc4+ 18. Kd1 Qxa1+ 19. Kc2 Qa2+ 20. Kc3 Qb3+ 21. Kd2 Qb2+ 22. Kd1 Bb3+ 23. Ke1 Qc1+ 0-1